Oxford Monsudar (Бичлэгийн дугаар. 1154935)

MARC дэлгэрэнгүй
000 -Удирдлага
Ном зүйн бүртгэл тоо буюу кодлох утгыг агуулсан 00773nam a22002537a 4500
008 - ЕРӨНХИЙ МЭДЭЭЛЭЛ-ЭЛЕМЕНТҮҮДИЙН ӨГӨГДЛИЙН УРТ
fixed length control field 240821b mp ||||| |||| 00| 0 mon d
020 ## - ОЛОН УЛСЫН СТАНДАРТ НОМЫН ДУГААР-ISBN
Олон Улсын Стандарт Номын Дугаар 978-99929-0-636-7
040 ## - ЭХ СУРВАЛЖИЙГ ТОДОРХОЙЛОН БИЧИХ
Анхны каталогийн байгууллага SE0153081
Каталогийн хэл Англи
Бичлэг хийж нэвтрүүлэх байгууллага MN-UlNLM
Өөрчлүүлэх байгууллага MN-UlNLM
Бичиглэлийн тодорхойлолт rda
041 ## - ХЭЛНИЙ КОД
Текстийн хэлний код/фонограм буюу салангид гарчиг Англи
084 ## - БУСАД АНГИЛЛЫН ДУГААР
Ангиллын нэр Номын сан номзүйн ангилал
Анги 81.2
Зохиогчийн 3-н тэмдэгт А-602
100 ## - ЗОХИОГЧИЙН ХЭСЭГ
Зохиогчийн нэр Амарсанаа.Л
245 #0 - ҮНДСЭН ГАРЧИГ
Гарчиг Oxford Monsudar
245 #0 - ҮНДСЭН ГАРЧИГ
Гарчигт хамааралтай мэдээ English Mongolian Dictionary
245 #0 - ҮНДСЭН ГАРЧИГ
Оролцогчдын тухай мэдээ 0
264 ## - ГАРАЛТЫН МЭДЭЭ
Хэвлэгдсэн газар УБ
Бүтээгч, хэвлэгч, түгээгч, үйлдвэрлэгчийн нэр Монсудар хэвлэлийн газар
Хэвлэгдсэн он 2006
300 ## - ТООНЫ МЭДЭЭ
Хуудасны тоо 891х
336 ## - АГУУЛГЫН ТӨРӨЛ
Нөөц rdacontent
Агуулгын төрлийн нөхцөл text
Агуулгын төрлийн код txt
337 ## - MEDIA TYPE
Эх сурвалж rdamedia
Файлын төрөл unmediated
Файлын код n
338 ## - CARRIER TYPE
Source rdacarrier
Carrier type term volume
Carrier type code nc
505 ## - FORMATTED CONTENTS NOTE
Title англи монгол толь бичиг; толь бичиг; Oxford
942 ## - ЭЛЕМЕНТИЙН ТӨРӨЛ
Төрөл Ном
Захиалгууд
Буцаан татагдсан төлөв Хасагдсан шалтгаан Гэмтсэн төлөв Данс заагч Захиалах боломжгүй Үндсэн номын сан Одоогийн байршил Салбар танхим Сан хөмрөг 5 Бүртгэсэн огноо Тавиурын заалт Дансны дугаар Баркод Хамгийн сүүлд байсан огноо Нийт уншлаганд гарсан тоо Төрөл
          Сэлэнгэ мандал Сэлэнгэ мандал Сэлэнгэ мандал | ҮФ Сэлэнгэ мандал | ҮФ 2024-11-12 81.2 А-602 1029703 SE0151029703 2024-11-12   Ном